000 00615nam a2200229Ia 4500
003 GCL
008 140319s9999 xx 000 0 ara d
040 _aGCL /
_cGCL
082 0 4 _a214.7
_bم م
100 1 _aمحمد قطب
245 1 0 _aمناهج الفن الاسلامى /
_cمحمد قطب
260 _a[S.N] :
_bدار الشروق ،
_c1987
300 _a228 ص
490 _a
650 0 4 _aالشعر العربى
650 0 4 _aالادب العربى
650 0 4 _aتاريخ
650 0 4 _aالاسلام
650 0 4 _aالقران
650 0 4 _aالفن الاسلامى
942 _2ddc
_cBK
999 _c29595
_d29595